000 00453cam a22001337a 4500
008 180718b1992 xxu||||| |||| 00| 0 eng d
082 _aB3 H629
100 _aBlomkvist, Hans
245 _aThe soft state: making policy in a different context
260 _aPittsburgh
_bUniv. of Pittsburgh Press
_c1992
300 _ap.117-152
500 _a[In] History and context in the comparative public policy, edited by Doulas E. Ashford
650 _aPublic Policy
999 _c358006
_d358006